000 00641nam a2200217Ia 4500
005 20250508163728.0
008 008 250505s9999 xx 000 0 eng d
020 _a0-19-564374-7
037 _aTextual
040 _aFEDL
_beng
_cFEDL
041 _aeng
_2eng
084 _a304.602 1, UNI
_qFEDL
100 _aSrinivasan K
245 0 _aIndia towards population and development goals
245 0 _cUnited Nations Poupulation Fund
260 _aDelhi, India
_bOxford University Press
_c1997
300 _a193p
700 _a Shariff Abusaleh
_9776134
942 _cTEXL
_h304.602 1, UNI
999 _c1384927
_d1384927